| 000 | 00591nam a2200169Ia 4500 | ||
|---|---|---|---|
| 003 | GCL | ||
| 008 | 140319s9999 xx 000 0 ara d | ||
| 040 |
_aGCL / _cGCL |
||
| 082 | 0 | 4 |
_a956.46 _bو م |
| 100 | 1 | _aوليد الجعفرى | |
| 245 | 1 | 0 |
_aالمستعمرات الاستيطانية الاسرائلية فى الاراضى المحتل1967_ 1980 / _cوليد الجعفرى |
| 260 |
_a[S.N] : _bمؤسسة الدراسات الفلسطينية ، _c1981 |
||
| 300 | _a183 ص | ||
| 490 |
_aكتب تسجيلية _v0 |
||
| 650 | 0 | 4 | _aفلسطين المحتلة |
| 942 |
_2ddc _cBK |
||
| 999 |
_c52896 _d52896 |
||